| 000 | 02152nam a2200421 c 4500 | ||
|---|---|---|---|
| 003 | BLK | ||
| 005 | 20250423172418.0 | ||
| 008 | 180409b bul|||||r ||||||| ||bul|| | ||
| 010 | _aKNG00113675000 | ||
| 020 |
_a954-607-640-6 _bиздат.: ЛИК |
||
| 040 | _aBLK | ||
| 041 |
_aBUL _cBUL |
||
| 080 |
_aПолитическо преследване. Терористични действия. Тероризъм - Атентати, политически убийства. Вж и 343.1 ; 343.3/.7 _b323.28 _x(100)(091) _z323.28(100)(091) |
||
| 080 |
_aУважение към човешкия живот. Дуел. Самоубийство. Убийство. Самоотбрана _b179.7 _x _z179.7 |
||
| 080 |
_aПолитически интриги. Подривна дейност. Диверсии. Пета колона _b327.88 _x(091) _z327.88(091) |
||
| 100 | 1 |
_aЖере, Франсоа _eпърви автор _968328 |
|
| 700 | 1 |
_aЦанков, Георги _eпрев. от фр. _gЦанев, Георги Цанков _9363810 |
|
| 139 |
_aЖере, Франсоа _bЖ 40 |
||
| 245 | 1 | 0 |
_aДоброволци за смърт _bИстория на самоубийствените атентати _cФрансоа Жере; прев. от фр. Георги Цанков. |
| 257 | _aFRA | ||
| 260 |
_аСофия _bЛИК _c2004 |
||
| 300 |
_a271 с. _c20 см |
||
| 380 | _a3 | ||
| 500 | _aПрев. по Les volontaires de la mort : L'arme du suicide / Francois Gere. - Пълното име на прев. е Георги Цанков Цанев. - Библиогр. под линия | ||
| 650 | 4 |
_aТероризъм, международен _9272425 |
|
| 650 | 4 |
_aТероризъм - история и генезис _9285423 |
|
| 650 | 4 |
_aСамоубийство _9170199 |
|
| 653 | _aтероризъм | ||
| 653 | _aатентати | ||
| 653 | _aсамоубийство | ||
| 653 | _aистория | ||
| 852 | _aЦб 220007 | ||
| 856 | 4 |
_qpdf _u |
|
| 856 | 4 |
_qpdf _u |
|
| 942 |
_cKNG _n0 _09 |
||
| 944 |
_aCR _c17.06.2004 _k30531 _lЦветелина Шанова |
||
| 944 |
_aED _c20.10.2008 _k |
||
| 999 |
_c108372 _d108372 |
||